Statistiken für Bilder nach Buchstabe - B (2)

Klicken Sie hier um das Quiz zu spielen!

Allgemein

  • Dieses Quiz wurde 82 mal gespielt
  • Das Durchschnittsergebnis liegt bei 8 aus 16

Antwortstatistiken

Antwort% Korrekt
Bosnien und Herzegovina
84%
Birke
80%
Balkan
77%
Burrito
76%
Bohrinsel
70%
Bunsenbrenner
70%
Bidet
62%
Bugatti
61%
Bischof
50%
Backstein
39%
Beringstraße
39%
Brunei
34%
Benito Mussolini
30%
Barriere
24%
Beuteltiger
9%
Bastet
7%

Verteilung der Resultate

Perzentil nach korrekt beantworteten Fragen

Anzahl Personen mit jedem Resultat

Ihre Resultats-Entwicklung

Sie haben dieses Quiz noch nicht gespielt